[Event "Venice Province-ch 82nd"]
[Site "Mestre"]
[Date "2023.01.28"]
[Round "2.2"]
[White "Arcudi, Gioele"]
[Black "Porta, Federico"]
[Result "0-1"]
[WhiteElo "1298"]
[BlackElo "1750"]
[PlyCount "172"]
[EventDate "2023.01.27"]
[EventType "swiss"]
[EventRounds "5"]
[EventCountry "ITA"]
[SourceTitle "EXT 2024"]
[Source "ChessBase"]
[SourceDate "2023.10.10"]
[SourceVersion "1"]
[SourceVersionDate "2023.10.10"]
[SourceQuality "1"]

1. e4 c6 2. d4 d5 3. f3 Qb6 4. Nc3 dxe4 5. Nxe4 Bf5 6. Bd3 Qxd4 7. Ne2 Qb6 8. Nd6+ exd6 9. Bxf5 Nf6 10. Nd4 Be7 11. Be3 Nbd7 12. 0-0 0-0 13. Bf2 Qa5 14. g4 Rad8 15. g5 Nh5 16. Bg4 Nf4 17. h4 Rfe8 18. Bg3 Nd5 19. Nf5 Ne5 20. Qd4 Bf8 21. Rae1 Qb4 22. Bxe5 dxe5 23. Qxb4 Nxb4 24. c3 Nd3 25. Rb1 Bc5+ 26. Kh2 Nf4 27. Rbd1 Nd3 28. b3 g6 29. Ng3 Be3 30. Ne4 Bf4+ 31. Kg2 Kg7 32. h5 h6 33. gxh6+ Bxh6 34. hxg6 Nf4+ 35. Kf2 fxg6 36. Nc5 b6 37. Rxd8 Rxd8 38. Ne6+ Nxe6 39. Bxe6 Rd2+ 40. Kg3 Kf6 41. Bh3 Bf4+ 42. Kg4 Rxa2 43. Rd1 Rd2 44. Rxd2 Bxd2 45. c4 b5 46. cxb5 cxb5 47. Bf1 b4 48. Ba6 Ke6 49. Bd3 g5 50. Bc4+ Kd6 51. Kf5 Bf4 52. Ke4 Kc5 53. Bf7 Kd6 54. Bc4 Ke7 55. Kf5 Kd6 56. Ke4 Kc5 57. Bg8 Kc6 58. Bf7 Kd6 59. Bc4 Ke7 60. Kf5 Kd6 61. Ke4 Bd2 62. Bf7 Ke7 63. Bc4 Kf6 64. Ba6 Bc3 65. Bc4 Kg6 66. Be6 Kh5 67. Bg4+ Kh4 68. Bd7 Kg3 69. Bb5 g4 70. fxg4 Kxg4 71. Bc4 Kg3 72. Bb5 Kf2 73. Bc6 Ke2 74. Bb5+ Kd2 75. Bd7 Kc2 76. Ba4 Bd4 77. Kf3 a6 78. Ke4 Kc3 79. Kf3 Kd3 80. Bc6 Bc5 81. Bd5 Bf8 82. Bc6 Bd6 83. Ba4 e4+ 84. Kg2 Kd2 85. Bc6 e3 86. Bf3 e2 0-1